00644 2200241 4500001002100000005001700021008004100038020001800079035002400097082001200121090001900133100001100152245003500163250001800198260003700216300002900253500002900282650004200311850001500353980001300368985000600381999001500387YOGYA-0209000001335020090227022318.0 ind  a979-533-279-1 0010-020900000013350 a005.133 a005.133bGud P aGUDONO aPemrograman c dan c++c.Gudono aEd. 1, cet. 1 aYogyakarta :bAndi Offset,c1995 aix, 307 hlmbilusc23 cm aBibliografi : hlm. [300] aCdanC++ (Bahasa pemrograman komputer) aYOPDYOG(B) a27-06-05 a2 a99P0000506